Escritura con mi juego de flechas. Método psicopedagógico experimental de Lectura, Escritura, Dibujo y Nº.

Gespeichert in:
Bibliographische Detailangaben
1. Verfasser: Muñoz Angosto, Antonio. Autor, Maestro Nacional
Format: keine Angabe
Sprache:Spanisch
Erschienen: Murcia Prop. Autor 1973
Katalog:MANES:  Suchergebnis im Bibliothekskatalog
Schulbuchspezifische Eigenschaften:
Tags: Tag hinzufügen
Keine Tags, Fügen Sie den ersten Tag hinzu!
Hinzugefügt zu:26.04.2016

MARC

LEADER 000000000a22000000004500
001 09933
003 OSt
008 160427s sp ||||| |||| 00| 0 spa d
040 |c centro_manes 
041 1 |a spa 
691 7 |a PRI 
100 1 |a Muñoz Angosto, Antonio. Autor, Maestro Nacional  |9 5622 
245 0 0 |a Escritura con mi juego de flechas. Método psicopedagógico experimental de Lectura, Escritura, Dibujo y Nº. 
260 3 |a Murcia  |b Prop. Autor  |c 1973 
300 |a 16 p.  |c 21,5 x 15,5 cm 
330 |a 00 
690 7 |a EA 
690 0 |a EyL 
942 |2 ddc  |c BK 
546 |a España 
999 |c 15907  |d 15907 
999 |c manes:15907  |d 15907